Visualization analysis & design

Αποθηκεύτηκε σε:
Λεπτομέρειες βιβλιογραφικής εγγραφής
Κύριος συγγραφέας: Munzner, Tamara
Μορφή: Βιβλίο
Γλώσσα:English
Δημοσίευση: Boca Raton : CRC Press, c2015.
Σειρά:(A K Peters visualization series)
Θέματα:
Ετικέτες: Προσθήκη ετικέτας
Δεν υπάρχουν, Καταχωρήστε ετικέτα πρώτοι!

MARC

LEADER 00000nam a2200000 a 4500
001 1/112312
008 161115s2015####flu| ||| |||| ||eng||
020 |a 9781466508910 
040 |a GR-MyUa  |b gre  |c GR-MyUa  |e AACR2 
041 0 |a eng 
082 7 |a 001.4226   |2 (23)  
100 1 |a Munzner, Tamara. 
245 1 0 |a Visualization analysis & design /   |c Tamara Munzner.  
260 |a Boca Raton :   |b CRC Press,   |c c2015. 
300 |a xxiii, 404 σ. :   |b εικ. ;   |c 25 εκ.  
490 0 |a (A K Peters visualization series)  
504 |a Βιβλιογραφία: σ. 375-395. Ευρετήριο.  
650 0 |a Information visualization. 
852 |a INST  |b SYROS  |e 20161115  |h 001.4226 MUN  |p 005500012795  |q 005500012795  |t BK  |y 4  |x 20180330 
922 |a 5ΕΛΗ  |b 2016-07  |c Βιβλιοθήκη Σύρου  |d Bookpath - Δρες Δημήτριος 
970 |a Κοντού  |b Παρασκευή  |z 15/11/2016